Observations on limes (Record no. 102001)

MARC details
000 -LEADER
fixed length control field 00833cam a2200253 4500
008 - FIXED-LENGTH DATA ELEMENTS--GENERAL INFORMATION
fixed length control field 020415n1997 000 0 eng u
020 ## - INTERNATIONAL STANDARD BOOK NUMBER
International Standard Book Number 1873394276
035 ## - SYSTEM CONTROL NUMBER
System control number (Sirsi) u117485
041 ## - LANGUAGE CODE
Language code of text/sound track or separate title eng.
050 ## - LIBRARY OF CONGRESS CALL NUMBER
Classification number 691.2
100 ## - MAIN ENTRY--PERSONAL NAME
Personal name Pasley, C.
245 ## - TITLE STATEMENT
Title Observations on limes
260 ## - PUBLICATION, DISTRIBUTION, ETC.
Place of publication, distribution, etc. Donhead
Name of publisher, distributor, etc. Donhead
Date of publication, distribution, etc. 1997
300 ## - PHYSICAL DESCRIPTION
Extent 158p.
Dimensions 22cm.
350 ## - PRICE (NR) (BK AM CF MU VM SE) [OBSOLETE]
Price 23.00
520 ## - SUMMARY, ETC.
Summary, etc. First published in 1838, this study presents research and analysis looking into the durability and effectiveness of limes, calcareous cements and mortars, in the context of 19th-century military buildings suffering from prolonged exposure to water.
650 ## - SUBJECT ADDED ENTRY--TOPICAL TERM
Topical term or geographic name entry element LIME
650 ## - SUBJECT ADDED ENTRY--TOPICAL TERM
Topical term or geographic name entry element CEMENT
650 ## - SUBJECT ADDED ENTRY--TOPICAL TERM
Topical term or geographic name entry element DURABILITY
650 ## - SUBJECT ADDED ENTRY--TOPICAL TERM
Topical term or geographic name entry element MILITARY BUILDINGS
650 ## - SUBJECT ADDED ENTRY--TOPICAL TERM
Topical term or geographic name entry element MORTARS
690 ## - LOCAL SUBJECT ADDED ENTRY--TOPICAL TERM (OCLC, RLIN)
Topical term or geographic name as entry element BUILT ENVIRONMENT-BUILDING MATERIALS
942 ## - ADDED ENTRY ELEMENTS (KOHA)
Suppress in OPAC 0
Holdings
Withdrawn status Lost status Source of classification or shelving scheme Damaged status Not for loan Home library Current library Shelving location Date acquired Cost, normal purchase price Total Checkouts Full call number Barcode Date last seen Copy number Cost, replacement price Price effective from Koha item type
    Dewey Decimal Classification     London London Books 08/05/2002 19.55   691.2 PAS 30065691 06/08/2019 1 19.55 06/08/2019 Book